India Osariigid - Statistics

General Stats
  • This quiz has been taken 4 times
  • The average score is 8 of 36
Answers on the Map
Answers color-coded by a green-red scale on the quiz's map according to % correct below.
 
Answer Stats
Osariigid % Correct
Delhi
100%
Goa
67%
Uttar Pradesh
67%
Andamanid ja Nicobarid
33%
Andhra Pradesh
33%
Arunachal Pradesh
33%
Assam
33%
Haryana
33%
Jammu ja Kashmir
33%
Jharkhand
33%
Kerala
33%
Lääne-Bengal
33%
Nagaland
33%
Pandžab
33%
Puducherry
33%
Rajasthan
33%
Telangana
33%
Tripura
33%
Uttarakhand
33%
Bihar
0%
Chandigarh
0%
Chhattisgarh
0%
Dadra ja Nagar Haveli ja Daman ja Diu
0%
Gujarat
0%
Himachal Pradesh
0%
Karnataka
0%
Ladakh
0%
Lakshadweep
0%
Madhya Pradesh
0%
Maharashtra
0%
Manipur
0%
Meghalaya
0%
Mizoram
0%
Odisha
0%
Sikkim
0%
Tamil Nadu
0%
No matching quizzes found
Score Distribution
Percent of People with Each Score
Percentile by Number Answered
Your Score History
You have not taken this quiz